[Event "Las Palmas Insular-chT Primera-A 1617"]
[Site "Las Palmas"]
[Date "2016.11.05"]
[Round "3.2"]
[White "Martinez Molina, Jose Juan"]
[Black "Quintana Suarez, Carmelo"]
[Result "1/2-1/2"]
[WhiteElo "1750"]
[BlackElo "1743"]
[PlyCount "84"]
[EventDate "2016.10.22"]
[EventType "team-tourn"]
[EventRounds "14"]
[EventCountry "ESP"]
[SourceTitle "EXT 2018"]
[Source "ChessBase"]
[SourceDate "2017.10.13"]
[SourceVersion "1"]
[SourceVersionDate "2017.10.13"]
[SourceQuality "1"]
[WhiteTeam "Anand II"]
[BlackTeam "Tres W II"]
[WhiteTeamCountry "ESP"]
[BlackTeamCountry "ESP"]

1. e4 c6 2. d3 d5 3. Nc3 g6 4. exd5 cxd5 5. d4 Bg7 6. Nf3 a6 7. a4 Nc6 8. Ne2 Bg4 9. c3 Bxf3 10. gxf3 Nf6 11. Ng3 0-0 12. Be2 e5 13. dxe5 Nxe5 14. 0-0 Qd7 15. Kg2 h5 16. h4 Qc6 17. Be3 Nc4 18. Bc1 Rfe8 19. b3 Nd6 20. Bb2 Rad8 21. Qd3 Qb6 22. Qc2 Qc7 23. Rfd1 Qe7 24. Ba3 Qe5 25. Bb2 Nh7 26. Rac1 Nf8 27. f4 Qxf4 28. Rxd5 Ne6 29. Rh1 Qf6 30. Bc1 Qxc3 31. Qxc3 Bxc3 32. Rhd1 Nc8 33. Rxd8 Rxd8 34. Rxd8+ Nxd8 35. Ne4 Be5 36. Bf3 Ne6 37. Be3 Nd4 38. Bxd4 Bxd4 39. Nd2 Nd6 40. Bd5 Kg7 41. Ne4 Nxe4 42. Bxe4 b6 1/2-1/2

[Event "Las Palmas Insular-chT Primera-A"]
[Site "Las Palmas"]
[Date "2016.02.27"]
[Round "12.4"]
[White "Quintana Suarez, Carmelo"]
[Black "Moyano Garcia, Ricardo"]
[Result "1/2-1/2"]
[WhiteElo "2096"]
[BlackElo "2008"]
[PlyCount "48"]
[EventDate "2015.10.17"]
[EventType "team-tourn"]
[EventRounds "14"]
[EventCountry "ESP"]
[SourceTitle "EXT 2017"]
[Source "ChessBase"]
[SourceDate "2016.10.25"]
[SourceVersion "1"]
[SourceVersionDate "2016.10.25"]
[SourceQuality "1"]
[WhiteTeam "Tres W "]
[BlackTeam "Univacit Guia"]
[WhiteTeamCountry "ESP"]
[BlackTeamCountry "ESP"]

1. e4 c5 2. Nc3 e6 3. g3 Nc6 4. Bg2 g6 5. d3 Bg7 6. Be3 d6 7. Qd2 Bd7 8. Nge2 Nd4 9. 0-0 Ne7 10. Nd1 Nxe2+ 11. Qxe2 0-0 12. c3 Bc6 13. Qd2 f5 14. f4 b5 15. Rc1 c4 16. Nf2 cxd3 17. Qxd3 fxe4 18. Nxe4 Nd5 19. Bf2 Qe7 20. Rfe1 h6 21. Nd2 Qf7 22. Re2 e5 23. fxe5 dxe5 24. Rf1 Qe6 1/2-1/2

[Event "Las Palmas Insular-chT Primera-A"]
[Site "Las Palmas"]
[Date "2016.01.09"]
[Round "8.3"]
[White "Quintana Suarez, Carmelo"]
[Black "Gonzalez Armas, Dinia"]
[Result "1/2-1/2"]
[WhiteElo "2096"]
[BlackElo "1741"]
[PlyCount "124"]
[EventDate "2015.10.17"]
[EventType "team-tourn"]
[EventRounds "14"]
[EventCountry "ESP"]
[SourceTitle "CBM 170 Extra"]
[Source "ChessBase"]
[SourceDate "2016.02.25"]
[SourceVersion "1"]
[SourceVersionDate "2016.02.25"]
[SourceQuality "1"]
[WhiteTeam "Tres W "]
[BlackTeam "La Caja de Canarias III"]
[WhiteTeamCountry "ESP"]
[BlackTeamCountry "ESP"]

1. e4 c6 2. d4 d5 3. exd5 cxd5 4. Bd3 Nf6 5. Bf4 Nc6 6. c3 Bg4 7. Qb3 Qc8 8. Nd2 e6 9. Ngf3 Bxf3 10. Nxf3 Be7 11. 0-0 0-0 12. Rfe1 a6 13. a4 Na5 14. Qc2 Nc4 15. Ne5 Nd6 16. Bg5 h6 17. Bh4 Qc7 18. Qe2 Nfe4 19. Bxe7 Qxe7 20. f3 Nf6 21. Qf2 Rfc8 22. Qh4 Rc7 23. Ng4 Nxg4 24. Qxg4 Nc4 25. Re2 Qf6 26. Qg3 Rac8 27. Bxc4 Rxc4 28. a5 Kh7 29. Kf2 Qd8 30. Ra2 Qd7 31. Qf4 Kg8 32. Re1 Ra4 33. Rea1 Rxa2 34. Rxa2 Qb5 35. Qd6 Rc6 36. Qa3 Rc4 37. Ra1 Qc6 38. Qb3 e5 39. dxe5 Qc5+ 40. Kg3 Qc7 41. f4 Qc5 42. Qb6 Qxb6 43. axb6 Rc6 44. Rd1 Rxb6 45. Rd2 Rb5 46. Kf3 Kf8 47. Ke3 Ke7 48. g4 Ke6 49. Kd4 g6 50. Rf2 a5 51. f5+ gxf5 52. gxf5+ Ke7 53. Rg2 b6 54. h3 a4 55. h4 h5 56. Kd3 Rc5 57. Rg5 Rc4 58. Rxh5 Re4 59. e6 fxe6 60. fxe6 Kxe6 61. Rh6+ Kd7 62. Rxb6 Rxh4 1/2-1/2

[Event "Las Palmas Insular-chT Primera-A"]
[Site "Las Palmas"]
[Date "2015.12.05"]
[Round "5.4"]
[White "Cabrera Guerra, Sergio"]
[Black "Quintana Suarez, Carmelo"]
[Result "1-0"]
[WhiteElo "2194"]
[BlackElo "2096"]
[PlyCount "33"]
[EventDate "2015.10.17"]
[EventType "team-tourn"]
[EventRounds "14"]
[EventCountry "ESP"]
[SourceTitle "CBM 170 Extra"]
[Source "ChessBase"]
[SourceDate "2016.02.25"]
[SourceVersion "1"]
[SourceVersionDate "2016.02.25"]
[SourceQuality "1"]
[WhiteTeam "Univacit Guia"]
[BlackTeam "Tres W "]
[WhiteTeamCountry "ESP"]
[BlackTeamCountry "ESP"]

1. d4 Nf6 2. c4 g6 3. Nc3 Bg7 4. e4 d6 5. Be2 0-0 6. Bg5 h6 7. Be3 Nc6 8. d5 Ne5 9. h3 g5 10. Nf3 Ng6 11. Qd2 c5 12. h4 g4 13. h5 gxf3 14. gxf3 a6 15. Bxh6 Bd7 16. 0-0-0 b5 17. Rdg1 1-0

[Event "Las Palmas Insular-chT Primera-A"]
[Site "Las Palmas"]
[Date "2015.11.28"]
[Round "4.3"]
[White "Jablanovic, Sasa"]
[Black "Quintana Suarez, Carmelo"]
[Result "1/2-1/2"]
[WhiteElo "1603"]
[BlackElo "2096"]
[PlyCount "67"]
[EventDate "2015.10.17"]
[EventType "team-tourn"]
[EventRounds "14"]
[EventCountry "ESP"]
[SourceTitle "CBM 170 Extra"]
[Source "ChessBase"]
[SourceDate "2016.02.25"]
[SourceVersion "1"]
[SourceVersionDate "2016.02.25"]
[SourceQuality "1"]
[WhiteTeam "Mogan V "]
[BlackTeam "Tres W "]
[WhiteTeamCountry "ESP"]
[BlackTeamCountry "ESP"]

1. e4 c6 2. Nf3 d5 3. exd5 cxd5 4. d4 Nc6 5. c3 Nf6 6. Bg5 Ne4 7. Bh4 Qb6 8. Qc1 Bf5 9. Be2 Rc8 10. a3 e6 11. Nbd2 Bd6 12. 0-0 0-0 13. Bg3 Bxg3 14. hxg3 Bg6 15. Bd1 Rc7 16. Bc2 Rfc8 17. Re1 Nxd2 18. Nxd2 Bxc2 19. Qxc2 Nxd4 20. Qd3 Nb3 21. Rab1 Nxd2 22. Qxd2 Rc4 23. Red1 a5 24. Qd3 Qc5 25. Rd2 h5 26. Rbd1 h4 27. Qf3 hxg3 28. Qxg3 Qb6 29. Qh3 Qc7 30. g3 Qe5 31. Kg2 Qe4+ 32. f3 Qh7 33. Rh1 Qxh3+ 34. Rxh3 1/2-1/2